Corporate Digital Responsibility: Bibliometric Landscape – Chronological Literature Review
Digitalizácia zvyšuje efektívnosť a ak je zaručená dôvera a zodpovednosť, má silný potenciál prispieť k trvalo udržateľnému rozvoju. Spoločnosti by mali kriticky zvážovať rôzne etické kritériá, ktorými sa dá vyhnúť ohrozeniu demokratických práv a hodnôt pri zapojení sa do digitalizácie. Zvýšenie pov...
Salvato in:
| Autore principale: | |
|---|---|
| Altri autori: | |
| Natura: | Capitolo di libro |
| Lingua: | inglese |
| Soggetti: | |
| Tags: |
Nessun Tag, puoi essere il primo ad aggiungerne!!
|
MARC
| LEADER | 00000naa a2200000 4500 | ||
|---|---|---|---|
| 001 | 0291539 | ||
| 005 | 20240502083943.7 | ||
| 041 | 0 | |a eng | |
| 044 | |a US | ||
| 245 | 1 | 0 | |a Corporate Digital Responsibility: Bibliometric Landscape – Chronological Literature Review |c Yuliia Serpeninova, Michaela Bednárová |
| 520 | |a Digitalizácia zvyšuje efektívnosť a ak je zaručená dôvera a zodpovednosť, má silný potenciál prispieť k trvalo udržateľnému rozvoju. Spoločnosti by mali kriticky zvážovať rôzne etické kritériá, ktorými sa dá vyhnúť ohrozeniu demokratických práv a hodnôt pri zapojení sa do digitalizácie. Zvýšenie povedomia o rozvíjajúcej sa oblasti digitálnej zodpovednosti firiem. | ||
| 610 | 2 | 0 | |a zodpovednosť |
| 610 | 2 | 0 | |a zodpovednosť organizácie |
| 610 | 2 | 0 | |a digitalizácia |
| 610 | 2 | 0 | |a zodpovednosť podniku spoločenská |
| 610 | 2 | 0 | |a udržateľnosť |
| 610 | 2 | 0 | |a vývoj |
| 100 | 1 | |a Serpeninova, Yuliia, 1984- | |
| 700 | 1 | |a Bednárová, Michaela, 1987- | |